000 00466cam a2200181ua 4500
020 _c40.00
041 _amal
_h
082 _a028.73494
_bSUR/MA
100 _aKunjan Pillai, Suranad .
245 0 0 _aMalayalam lexicon, Vol 1 /
_cSuranad Kunjan Pillai.
_hTextual Documents
250 _a1 /
_b.
260 _aKerala :
_bThe university of Kerala ,
_c1965.
300 _a1007 ; .
365 _a40.00
504 _a
942 _cBK
999 _c10203
_d10203